Data structures using C / (Record no. 14598)

MARC details
000 -LEADER
fixed length control field 00967nam a22002657a 4500
005 - DATE AND TIME OF LATEST TRANSACTION
control field 20080728125534.0
008 - FIXED-LENGTH DATA ELEMENTS--GENERAL INFORMATION
fixed length control field 080728t xxu||||| |||| 00| 0 eng d
010 ## - LIBRARY OF CONGRESS CONTROL NUMBER
LC control number ENG-90602
020 ## - INTERNATIONAL STANDARD BOOK NUMBER
International Standard Book Number 0070669198
Terms of availability 225.00
035 ## - SYSTEM CONTROL NUMBER
System control number EN-74135
037 ## - SOURCE OF ACQUISITION
Source of stock number/acquisition DBAD / PUB
040 ## - CATALOGING SOURCE
Original cataloging agency DPL
Language of cataloging ENGLISH
082 ## - DEWEY DECIMAL CLASSIFICATION NUMBER
Classification number 005.73
100 ## - MAIN ENTRY--PERSONAL NAME
Personal name Krishnamoorthy, R.
245 ## - TITLE STATEMENT
Title Data structures using C /
Statement of responsibility, etc by R. Krishnamoorthy [and] G. Indirani Kumaravel
260 ## - PUBLICATION, DISTRIBUTION, ETC. (IMPRINT)
Place of publication, distribution, etc New Delhi
Name of publisher, distributor, etc Tata McGraw-Hill Publishing
Date of publication, distribution, etc 2008
300 ## - PHYSICAL DESCRIPTION
Extent x, 604p.:
Other physical details ill.
Dimensions 22 cm.(pbk)
500 ## - GENERAL NOTE
General note Includes index
650 ## - SUBJECT ADDED ENTRY--TOPICAL TERM
Topical term or geographic name as entry element C (Computer program language)
650 ## - SUBJECT ADDED ENTRY--TOPICAL TERM
Topical term or geographic name as entry element Data structures (Computer science)
650 ## - SUBJECT ADDED ENTRY--TOPICAL TERM
Topical term or geographic name as entry element programming language
700 ## - ADDED ENTRY--PERSONAL NAME
Personal name Kumaravel, G. Indirani
942 ## - ADDED ENTRY ELEMENTS (KOHA)
Source of classification or shelving scheme Dewey Decimal Classification
Koha item type English Books
Classification part 005.73
Call number suffix KRI
Holdings
Withdrawn status Lost status Damaged status Not for loan Collection code Home library Current library Date acquired Source of acquisition Cost, normal purchase price Total Checkouts Full call number Barcode Date last seen Copy number Cost, replacement price Price effective from Koha item type
      Not For Loan Non-fiction D.B.Act.Division D.B.Act.Division 28/07/2008 DBAD / PUB 225.00   005.73 KRI EN-74135 15/09/2008 1 225.00 15/09/2008 English Books

© Delhi Public Library
Hit Counter
free hit counter